| 000 | 00422cam a22001337a 4500 | ||
|---|---|---|---|
| 008 | 180718b1985 xxu||||| |||| 00| 0 eng d | ||
| 082 | _aZ412x5413 T737 | ||
| 100 | _aTripathy, R.N. | ||
| 245 |
_aTenancy and efficiency of farming in a developing economy _cby R.N. Tripathy |
||
| 260 |
_aDelhi _bMittal _c1985 |
||
| 300 | _a192p. | ||
| 650 | _aAgriculture developnent - India - Bihar | ||
| 650 | _aFarm tenancy - India - Bihar | ||
| 999 |
_c355686 _d355686 |
||